<?xml version="1.0" encoding="UTF-8"?>
<collection xmlns="http://www.loc.gov/MARC21/slim">
 <record>
  <leader>06550cam a2201261 c 4500</leader>
  <controlfield tag="001">024341789</controlfield>
  <controlfield tag="003">DE-627</controlfield>
  <controlfield tag="005">20260207194733.0</controlfield>
  <controlfield tag="007">tu</controlfield>
  <controlfield tag="008">840830s1984    gw |||||      00| ||ger c</controlfield>
  <datafield tag="015" ind1=" " ind2=" ">
   <subfield code="a">84,N03,0146</subfield>
   <subfield code="2">dnb</subfield>
  </datafield>
  <datafield tag="016" ind1="7" ind2=" ">
   <subfield code="a">840107552</subfield>
   <subfield code="2">DE-101</subfield>
  </datafield>
  <datafield tag="020" ind1=" " ind2=" ">
   <subfield code="a">3170083082</subfield>
   <subfield code="q"> Gewebe : DM 69.00</subfield>
  </datafield>
  <datafield tag="035" ind1=" " ind2=" ">
   <subfield code="a">(DE-627)024341789</subfield>
  </datafield>
  <datafield tag="035" ind1=" " ind2=" ">
   <subfield code="a">(DE-603)028222652</subfield>
  </datafield>
  <datafield tag="035" ind1=" " ind2=" ">
   <subfield code="a">(DE-576)01195261X</subfield>
  </datafield>
  <datafield tag="035" ind1=" " ind2=" ">
   <subfield code="a">(DE-599)GBV024341789</subfield>
  </datafield>
  <datafield tag="035" ind1=" " ind2=" ">
   <subfield code="a">(OCoLC)230643826</subfield>
  </datafield>
  <datafield tag="035" ind1=" " ind2=" ">
   <subfield code="a">(OCoLC)883702912</subfield>
  </datafield>
  <datafield tag="035" ind1=" " ind2=" ">
   <subfield code="a">(OCoLC)230643826</subfield>
  </datafield>
  <datafield tag="035" ind1=" " ind2=" ">
   <subfield code="a">(AT-OBV)AC00696518</subfield>
  </datafield>
  <datafield tag="035" ind1=" " ind2=" ">
   <subfield code="a">(DE-604)8002455315</subfield>
  </datafield>
  <datafield tag="040" ind1=" " ind2=" ">
   <subfield code="a">DE-627</subfield>
   <subfield code="b">ger</subfield>
   <subfield code="c">DE-627</subfield>
   <subfield code="e">rakwb</subfield>
  </datafield>
  <datafield tag="041" ind1=" " ind2=" ">
   <subfield code="a">ger</subfield>
  </datafield>
  <datafield tag="044" ind1=" " ind2=" ">
   <subfield code="c">XA-DE</subfield>
   <subfield code="c">XA-DE-BW</subfield>
  </datafield>
  <datafield tag="050" ind1=" " ind2="0">
   <subfield code="a">GT299.B33</subfield>
  </datafield>
  <datafield tag="082" ind1="0" ind2=" ">
   <subfield code="a">392/.36/0094346</subfield>
  </datafield>
  <datafield tag="082" ind1="0" ind2=" ">
   <subfield code="a">392.360094346</subfield>
   <subfield code="q">LoC</subfield>
   <subfield code="2">DDC19oclc</subfield>
  </datafield>
  <datafield tag="084" ind1=" " ind2=" ">
   <subfield code="a">VO 635 (60)</subfield>
   <subfield code="2">sfb</subfield>
  </datafield>
  <datafield tag="084" ind1=" " ind2=" ">
   <subfield code="a">25</subfield>
   <subfield code="a">45</subfield>
   <subfield code="2">sdnb</subfield>
  </datafield>
  <datafield tag="084" ind1=" " ind2=" ">
   <subfield code="a">25</subfield>
   <subfield code="a">45</subfield>
   <subfield code="a">64</subfield>
   <subfield code="a">39</subfield>
   <subfield code="2">sdnb</subfield>
  </datafield>
  <datafield tag="084" ind1=" " ind2=" ">
   <subfield code="a">9,10</subfield>
   <subfield code="2">ssgn</subfield>
  </datafield>
  <datafield tag="084" ind1=" " ind2=" ">
   <subfield code="a">LB 66085</subfield>
   <subfield code="2">rvk</subfield>
   <subfield code="0">(DE-625)rvk/90583:799</subfield>
  </datafield>
  <datafield tag="084" ind1=" " ind2=" ">
   <subfield code="a">LB 66090</subfield>
   <subfield code="2">rvk</subfield>
   <subfield code="0">(DE-625)rvk/90583:800</subfield>
  </datafield>
  <datafield tag="084" ind1=" " ind2=" ">
   <subfield code="a">ZH 4913</subfield>
   <subfield code="2">rvk</subfield>
   <subfield code="0">(DE-625)rvk/156167:1564</subfield>
  </datafield>
  <datafield tag="084" ind1=" " ind2=" ">
   <subfield code="a">521</subfield>
   <subfield code="2">bwlb</subfield>
  </datafield>
  <datafield tag="084" ind1=" " ind2=" ">
   <subfield code="a">522</subfield>
   <subfield code="2">bwlb</subfield>
  </datafield>
  <datafield tag="084" ind1=" " ind2=" ">
   <subfield code="a">21.60</subfield>
   <subfield code="2">bkl</subfield>
  </datafield>
  <datafield tag="084" ind1=" " ind2=" ">
   <subfield code="a">73.87</subfield>
   <subfield code="2">bkl</subfield>
  </datafield>
  <datafield tag="100" ind1="1" ind2=" ">
   <subfield code="a">Assion, Peter</subfield>
   <subfield code="d">1941-1994</subfield>
   <subfield code="0">(DE-588)123002117</subfield>
   <subfield code="0">(DE-627)082287570</subfield>
   <subfield code="0">(DE-576)21455564X</subfield>
   <subfield code="4">aut</subfield>
  </datafield>
  <datafield tag="245" ind1="1" ind2="0">
   <subfield code="a">Bauen und Wohnen im deutschen Südwesten</subfield>
   <subfield code="b">dörfliche Kultur vom 15. bis zum 19. Jahrhundert</subfield>
   <subfield code="c">Peter Assion ; Rolf Wilh. Brednich</subfield>
  </datafield>
  <datafield tag="264" ind1=" " ind2="1">
   <subfield code="a">Stuttgart</subfield>
   <subfield code="a">Berlin</subfield>
   <subfield code="a">Köln</subfield>
   <subfield code="a">Mainz</subfield>
   <subfield code="b">Kohlhammer</subfield>
   <subfield code="c">1984</subfield>
  </datafield>
  <datafield tag="300" ind1=" " ind2=" ">
   <subfield code="a">236 S.</subfield>
   <subfield code="b">zahlr. Ill.</subfield>
   <subfield code="c">25 cm</subfield>
  </datafield>
  <datafield tag="336" ind1=" " ind2=" ">
   <subfield code="a">Text</subfield>
   <subfield code="b">txt</subfield>
   <subfield code="2">rdacontent</subfield>
  </datafield>
  <datafield tag="337" ind1=" " ind2=" ">
   <subfield code="a">ohne Hilfsmittel zu benutzen</subfield>
   <subfield code="b">n</subfield>
   <subfield code="2">rdamedia</subfield>
  </datafield>
  <datafield tag="338" ind1=" " ind2=" ">
   <subfield code="a">Band</subfield>
   <subfield code="b">nc</subfield>
   <subfield code="2">rdacarrier</subfield>
  </datafield>
  <datafield tag="500" ind1=" " ind2=" ">
   <subfield code="a">Literaturverz. S. 223 - 232</subfield>
  </datafield>
  <datafield tag="583" ind1="1" ind2=" ">
   <subfield code="a">Massenentsäuerung nicht möglich</subfield>
   <subfield code="2">pdager</subfield>
   <subfield code="5">DE-18-308</subfield>
  </datafield>
  <datafield tag="583" ind1="1" ind2=" ">
   <subfield code="a">Archivierung/Langzeitarchivierung gewährleistet</subfield>
   <subfield code="f">PEBW</subfield>
   <subfield code="x">XA-DE-BW</subfield>
   <subfield code="2">pdager</subfield>
   <subfield code="5">DE-24</subfield>
  </datafield>
  <datafield tag="583" ind1="1" ind2=" ">
   <subfield code="a">Archivierung/Langzeitarchivierung gewährleistet</subfield>
   <subfield code="f">SSG</subfield>
   <subfield code="x">XA-DE-BW</subfield>
   <subfield code="2">pdager</subfield>
   <subfield code="5">DE-16</subfield>
  </datafield>
  <datafield tag="648" ind1=" " ind2="7">
   <subfield code="a">Geschichte 1500-1918</subfield>
   <subfield code="2">gnd</subfield>
   <subfield code="7">(dpeaa)DE-631</subfield>
  </datafield>
  <datafield tag="648" ind1=" " ind2="4">
   <subfield code="a">Neuzeit</subfield>
   <subfield code="0">(DE-631)36175</subfield>
   <subfield code="7">(dpeaa)DE-631</subfield>
  </datafield>
  <datafield tag="650" ind1="0" ind2="7">
   <subfield code="0">(DE-588)4004768-4</subfield>
   <subfield code="0">(DE-627)104235772</subfield>
   <subfield code="0">(DE-576)208857796</subfield>
   <subfield code="a">Bauernhaus</subfield>
   <subfield code="2">gnd</subfield>
   <subfield code="7">(dpeaa)DE-631</subfield>
  </datafield>
  <datafield tag="650" ind1="0" ind2="7">
   <subfield code="0">(DE-588)4159243-8</subfield>
   <subfield code="0">(DE-627)10548685X</subfield>
   <subfield code="0">(DE-576)209848677</subfield>
   <subfield code="a">Hausform</subfield>
   <subfield code="2">gnd</subfield>
   <subfield code="7">(dpeaa)DE-631</subfield>
  </datafield>
  <datafield tag="650" ind1="0" ind2="7">
   <subfield code="0">(DE-588)4034309-1</subfield>
   <subfield code="0">(DE-627)106253387</subfield>
   <subfield code="0">(DE-576)20900620X</subfield>
   <subfield code="a">Landleben</subfield>
   <subfield code="2">gnd</subfield>
   <subfield code="7">(dpeaa)DE-631</subfield>
  </datafield>
  <datafield tag="650" ind1="0" ind2="7">
   <subfield code="0">(DE-588)4004763-5</subfield>
   <subfield code="0">(DE-627)106384244</subfield>
   <subfield code="0">(DE-576)208857761</subfield>
   <subfield code="a">Bauer</subfield>
   <subfield code="2">gnd</subfield>
   <subfield code="7">(dpeaa)DE-631</subfield>
  </datafield>
  <datafield tag="650" ind1="0" ind2="7">
   <subfield code="0">(DE-588)4125698-0</subfield>
   <subfield code="0">(DE-627)104470348</subfield>
   <subfield code="0">(DE-576)209578750</subfield>
   <subfield code="a">Kultur</subfield>
   <subfield code="2">gnd</subfield>
   <subfield code="7">(dpeaa)DE-631</subfield>
  </datafield>
  <datafield tag="650" ind1=" " ind2="4">
   <subfield code="a">Baden-Württemberg / I. Landwirtschaft</subfield>
  </datafield>
  <datafield tag="650" ind1=" " ind2="4">
   <subfield code="a">Baden-Württemberg / C. Volkskunde, Völkerkunde</subfield>
  </datafield>
  <datafield tag="650" ind1=" " ind2="4">
   <subfield code="a">Baden-Württemberg / R.b. Architektur, Bautechnik</subfield>
  </datafield>
  <datafield tag="650" ind1=" " ind2="4">
   <subfield code="a">Bauernhaus</subfield>
  </datafield>
  <datafield tag="650" ind1=" " ind2="4">
   <subfield code="a">Landleben</subfield>
  </datafield>
  <datafield tag="650" ind1=" " ind2="4">
   <subfield code="a">Wohnen</subfield>
  </datafield>
  <datafield tag="650" ind1=" " ind2="4">
   <subfield code="a">Bauernhaus</subfield>
  </datafield>
  <datafield tag="650" ind1=" " ind2="4">
   <subfield code="a">Landleben</subfield>
  </datafield>
  <datafield tag="650" ind1=" " ind2="4">
   <subfield code="a">Wohnen</subfield>
  </datafield>
  <datafield tag="651" ind1=" " ind2="7">
   <subfield code="0">(DE-588)4004176-1</subfield>
   <subfield code="0">(DE-627)106387154</subfield>
   <subfield code="0">(DE-576)208854444</subfield>
   <subfield code="a">Baden-Württemberg</subfield>
   <subfield code="2">gnd</subfield>
   <subfield code="7">(dpeaa)DE-631</subfield>
  </datafield>
  <datafield tag="651" ind1=" " ind2="4">
   <subfield code="a">Baden-Württemberg</subfield>
  </datafield>
  <datafield tag="653" ind1=" " ind2="0">
   <subfield code="a">Dwellings</subfield>
   <subfield code="a">Germany</subfield>
   <subfield code="a">Baden-Württemberg</subfield>
  </datafield>
  <datafield tag="653" ind1=" " ind2="0">
   <subfield code="a">Vernacular architecture</subfield>
   <subfield code="a">Germany</subfield>
   <subfield code="a">Baden-Württemberg</subfield>
  </datafield>
  <datafield tag="653" ind1=" " ind2="0">
   <subfield code="a">Architecture, Domestic</subfield>
   <subfield code="a">Germany</subfield>
   <subfield code="a">Baden-Württemberg</subfield>
  </datafield>
  <datafield tag="689" ind1="0" ind2="0">
   <subfield code="d">g</subfield>
   <subfield code="0">(DE-588)4078053-3</subfield>
   <subfield code="0">(DE-627)104729074</subfield>
   <subfield code="0">(DE-576)209207248</subfield>
   <subfield code="a">Südwestdeutschland</subfield>
   <subfield code="2">gnd</subfield>
  </datafield>
  <datafield tag="689" ind1="0" ind2="1">
   <subfield code="d">s</subfield>
   <subfield code="0">(DE-588)4034026-0</subfield>
   <subfield code="0">(DE-627)106254863</subfield>
   <subfield code="0">(DE-576)209004657</subfield>
   <subfield code="a">Ländlicher Raum</subfield>
   <subfield code="2">gnd</subfield>
  </datafield>
  <datafield tag="689" ind1="0" ind2="2">
   <subfield code="d">s</subfield>
   <subfield code="0">(DE-588)4144202-7</subfield>
   <subfield code="0">(DE-627)104105844</subfield>
   <subfield code="0">(DE-576)209732245</subfield>
   <subfield code="a">Bauweise</subfield>
   <subfield code="2">gnd</subfield>
  </datafield>
  <datafield tag="689" ind1="0" ind2="3">
   <subfield code="d">s</subfield>
   <subfield code="0">(DE-588)4117674-1</subfield>
   <subfield code="0">(DE-627)104501189</subfield>
   <subfield code="0">(DE-576)209511923</subfield>
   <subfield code="a">Wohnkultur</subfield>
   <subfield code="2">gnd</subfield>
  </datafield>
  <datafield tag="689" ind1="0" ind2="4">
   <subfield code="d">g</subfield>
   <subfield code="0">(DE-588)4004176-1</subfield>
   <subfield code="0">(DE-627)106387154</subfield>
   <subfield code="0">(DE-576)208854444</subfield>
   <subfield code="a">Baden-Württemberg</subfield>
   <subfield code="2">gnd</subfield>
  </datafield>
  <datafield tag="689" ind1="0" ind2=" ">
   <subfield code="5">(DE-627)</subfield>
  </datafield>
  <datafield tag="700" ind1="1" ind2=" ">
   <subfield code="a">Brednich, Rolf Wilhelm</subfield>
   <subfield code="d">1935-2023</subfield>
   <subfield code="0">(DE-588)119498200</subfield>
   <subfield code="0">(DE-627)080314295</subfield>
   <subfield code="0">(DE-576)160415055</subfield>
   <subfield code="4">aut</subfield>
  </datafield>
  <datafield tag="776" ind1="0" ind2="8">
   <subfield code="i">Sonderausg. der BW-Bank</subfield>
   <subfield code="a">Assion, Peter, 1941 - 1994</subfield>
   <subfield code="t">Bauernhäuser in Baden-Württemberg</subfield>
   <subfield code="d">[Stuttgart] : Baden-Württembergische Bank, 1984</subfield>
   <subfield code="h">236 S.</subfield>
   <subfield code="w">(DE-627)1094461210</subfield>
   <subfield code="w">(DE-576)024461210</subfield>
  </datafield>
  <datafield tag="787" ind1="0" ind2="8">
   <subfield code="i">Rezension</subfield>
   <subfield code="a">Seidenspinner, Wolfgang, 1952 - </subfield>
   <subfield code="t">Peter Assion und Rolf Wilhelm Brednich, Bauen und Wohnen im deutschen Südwesten, Dörfliche Kultur vom 15. bis zum 19. Jahrhundert</subfield>
   <subfield code="d">1985</subfield>
   <subfield code="w">(DE-627)1479900885</subfield>
   <subfield code="w">(DE-576)409900885</subfield>
  </datafield>
  <datafield tag="787" ind1="0" ind2="8">
   <subfield code="i">Rezensiert in</subfield>
   <subfield code="a">Frank, Jakob Rudolf</subfield>
   <subfield code="t">[Rezension von: Assion, Peter; Brednich, Rolf Wilhelm, Bauen und Wohnen im deutschen Südwesten]</subfield>
   <subfield code="d">1985</subfield>
   <subfield code="w">(DE-627)1878661507</subfield>
  </datafield>
  <datafield tag="787" ind1="0" ind2="8">
   <subfield code="i">Rezensiert in</subfield>
   <subfield code="a">Ziegler, Uwe</subfield>
   <subfield code="t">[Rezension von: Assion, Peter; Brednich, Rolf Wilhelm, Bauen und Wohnen im deutschen Südwesten]</subfield>
   <subfield code="d">1985</subfield>
   <subfield code="w">(DE-627)1920454489</subfield>
  </datafield>
  <datafield tag="856" ind1="4" ind2="2">
   <subfield code="u">http://d-nb.info/840107552/04</subfield>
   <subfield code="m">B:DE-101</subfield>
   <subfield code="q">application/pdf</subfield>
   <subfield code="v">20130501</subfield>
   <subfield code="x">Verlag</subfield>
   <subfield code="3">Inhaltsverzeichnis</subfield>
   <subfield code="7">1</subfield>
  </datafield>
  <datafield tag="856" ind1="4" ind2="2">
   <subfield code="u">http://scans.hebis.de/HEBCGI/show.pl?02822265_toc.pdf</subfield>
   <subfield code="m">V:DE-605;X:Imageware</subfield>
   <subfield code="q">application/pdf</subfield>
   <subfield code="3">Inhaltsverzeichnis</subfield>
   <subfield code="7">1</subfield>
  </datafield>
  <datafield tag="889" ind1=" " ind2=" ">
   <subfield code="w">(DE-627)021972060</subfield>
  </datafield>
  <datafield tag="889" ind1=" " ind2=" ">
   <subfield code="w">(DE-627)432923950</subfield>
  </datafield>
  <datafield tag="935" ind1=" " ind2=" ">
   <subfield code="a">BWLB</subfield>
  </datafield>
  <datafield tag="935" ind1=" " ind2=" ">
   <subfield code="i">mdedup</subfield>
  </datafield>
  <datafield tag="935" ind1=" " ind2=" ">
   <subfield code="i">Blocktest</subfield>
  </datafield>
  <datafield tag="935" ind1=" " ind2=" ">
   <subfield code="h">HEB</subfield>
   <subfield code="i">0501</subfield>
  </datafield>
  <datafield tag="935" ind1=" " ind2=" ">
   <subfield code="h">HEB</subfield>
   <subfield code="i">0503</subfield>
  </datafield>
  <datafield tag="936" ind1="r" ind2="v">
   <subfield code="a">LB 66085</subfield>
   <subfield code="b">Süddeutschland insgesamt</subfield>
   <subfield code="k">Sozial- und Kulturanthropologie. Empirische Kulturwissenschaft</subfield>
   <subfield code="k">Raum und Ort: Hausforschung, Gemeinde- und Stadtethnologie</subfield>
   <subfield code="k">Wohnen und Wirtschaften</subfield>
   <subfield code="k">Europa</subfield>
   <subfield code="k">Mitteleuropa</subfield>
   <subfield code="k">Deutschland</subfield>
   <subfield code="k">Süddeutschland</subfield>
   <subfield code="k">Süddeutschland insgesamt</subfield>
   <subfield code="0">(DE-627)1272355233</subfield>
   <subfield code="0">(DE-625)rvk/90583:799</subfield>
   <subfield code="0">(DE-576)202355233</subfield>
  </datafield>
  <datafield tag="936" ind1="r" ind2="v">
   <subfield code="a">LB 66090</subfield>
   <subfield code="b">Baden-Württemberg</subfield>
   <subfield code="k">Sozial- und Kulturanthropologie. Empirische Kulturwissenschaft</subfield>
   <subfield code="k">Raum und Ort: Hausforschung, Gemeinde- und Stadtethnologie</subfield>
   <subfield code="k">Wohnen und Wirtschaften</subfield>
   <subfield code="k">Europa</subfield>
   <subfield code="k">Mitteleuropa</subfield>
   <subfield code="k">Deutschland</subfield>
   <subfield code="k">Süddeutschland</subfield>
   <subfield code="k">Baden-Württemberg</subfield>
   <subfield code="0">(DE-627)1271594196</subfield>
   <subfield code="0">(DE-625)rvk/90583:800</subfield>
   <subfield code="0">(DE-576)201594196</subfield>
  </datafield>
  <datafield tag="936" ind1="r" ind2="v">
   <subfield code="a">ZH 4913</subfield>
   <subfield code="b">Baden-Württemberg</subfield>
   <subfield code="k">Technik</subfield>
   <subfield code="k">Architektur</subfield>
   <subfield code="k">Baugeschichte</subfield>
   <subfield code="k">Architektur nach Ländern</subfield>
   <subfield code="k">Europa</subfield>
   <subfield code="k">Mitteleuropa</subfield>
   <subfield code="k">Deutschland</subfield>
   <subfield code="k">Baden-Württemberg</subfield>
   <subfield code="0">(DE-627)1271616122</subfield>
   <subfield code="0">(DE-625)rvk/156167:1564</subfield>
   <subfield code="0">(DE-576)201616122</subfield>
  </datafield>
  <datafield tag="936" ind1="b" ind2="k">
   <subfield code="a">21.60</subfield>
   <subfield code="j">Baugeschichte: Allgemeines</subfield>
   <subfield code="0">(DE-627)106421247</subfield>
  </datafield>
  <datafield tag="936" ind1="b" ind2="k">
   <subfield code="a">73.87</subfield>
   <subfield code="j">Architektur</subfield>
   <subfield code="j">Bauen</subfield>
   <subfield code="j">Wohnen</subfield>
   <subfield code="x">Volkskunde</subfield>
   <subfield code="0">(DE-627)181570432</subfield>
  </datafield>
  <datafield tag="936" ind1="s" ind2="n">
   <subfield code="a">l100</subfield>
   <subfield code="2">mzub</subfield>
  </datafield>
  <datafield tag="936" ind1="s" ind2="n">
   <subfield code="a">z210</subfield>
   <subfield code="2">mzub</subfield>
  </datafield>
  <datafield tag="936" ind1="s" ind2="n">
   <subfield code="a">n100</subfield>
   <subfield code="2">mzub</subfield>
  </datafield>
  <datafield tag="936" ind1="s" ind2="n">
   <subfield code="a">z100</subfield>
   <subfield code="2">mzub</subfield>
  </datafield>
  <datafield tag="951" ind1=" " ind2=" ">
   <subfield code="a">BO</subfield>
  </datafield>
  <datafield tag="990" ind1=" " ind2=" ">
   <subfield code="a">Südwestdeutschland</subfield>
  </datafield>
  <datafield tag="990" ind1=" " ind2=" ">
   <subfield code="a">Ländlicher Raum</subfield>
  </datafield>
  <datafield tag="990" ind1=" " ind2=" ">
   <subfield code="a">Bauweise</subfield>
  </datafield>
  <datafield tag="990" ind1=" " ind2=" ">
   <subfield code="a">Wohnkultur</subfield>
  </datafield>
  <datafield tag="990" ind1=" " ind2=" ">
   <subfield code="a">Baden-Württemberg</subfield>
  </datafield>
  <datafield tag="991" ind1=" " ind2=" ">
   <subfield code="a">Rezensiertes Werk</subfield>
  </datafield>
  <datafield tag="999" ind1=" " ind2=" ">
   <subfield code="a">KXP-PPN024341789</subfield>
   <subfield code="e">419242049X</subfield>
  </datafield>
 </record>
</collection>
